Bildatlas der Niederlande.

Uložené v:
Podrobná bibliografia
Médium: Kniha
Jazyk:German
Vydané: Haag : Ministerium der Auswärtigen Angelegenheiten, 1977.
Vydanie:[1. Aufl.]
ISBN: (brož.)
Fyzický popis: 40 s.
Tagy: Pridať tag
Žiadne tagy, Buďte prvý kto otaguje tento záznam!

MARC

LEADER 00000nam a2200000 a 4500
001 000187708
005 20120730175935.0
008 040101s1977 ne e ger d
020 |a (brož.)  |c Kčs 120,00 
040 |a SVKKK  |b slo  |c SVKKK  |e AACR2 
041 0 |a ger 
044 |a ne  |c NL 
245 0 0 |a Bildatlas der Niederlande. 
250 |a [1. Aufl.] 
260 |a Haag :  |b Ministerium der Auswärtigen Angelegenheiten,  |c 1977. 
300 |a 40 s. 
910 |a svkkk 
998 |a BK 
090 |g SCKHL  |k Sklad Pribinova 3. posch.  |a V.158859  |j 742214  |i 2720977442  |s Absenčne